00614nam a2200157 a 450000100100000000500170001000800410002704000250006810000330009324500610012626000440018730000210023104900090025295201780026199900170043900003354620200930070334.0110831s1959 dr 000 0 spa d aDO-SdBNPbspacBNPHU1 aBourget, Luis Eduardo95904710aMacabon :bestampas de Samaná /cLuis Eduardo Bourget. aSanto Domingo :bImpresora Olga,c1959. a149 p. ;c18 cm. aBNPD 0010718PDaPDbPDcHDd2011-08-31iLF1l0o p33546-10r2020-06-25w2020-06-25yLFPDzPerteneció a la biblioteca personal de Juan Isidro Jimenes Grullón.ZNo se presta c33037d33037